000 00495nam a22001337a 4500
082 _a894.812
_bCHA/I
100 _aCHANTHU MENON, O
245 _aINDULEKHA
260 _aTHRISSUR
_bH&C
300 _a264
520 _aIndulekha, the novel's educated heroine, dramatizes the resistance of a progressive Nair woman. She refuses to succumb to the oppression of the Namboothiri and marries Madhavan, who stands up to the social evils of the period.
650 _amalayalam novel
_zkerala
942 _cBK
999 _c6905
_d6905